[Event "Sivas op 1st"]
[Site "Sivas"]
[Date "2019.08.21"]
[Round "5"]
[White "Aliyev, Rasim Rizvan"]
[Black "Abdulov, Orkhan Javanshir"]
[Result "1/2-1/2"]
[WhiteElo "2139"]
[BlackElo "2397"]
[PlyCount "97"]
[EventDate "2019.08.19"]
[EventType "swiss"]
[EventRounds "9"]
[EventCountry "TUR"]
[SourceTitle "EXT 2020"]
[Source "ChessBase"]
[SourceDate "2019.10.17"]
[SourceVersion "1"]
[SourceVersionDate "2019.10.17"]
[SourceQuality "1"]

1. e4 e5 2. Nf3 Nc6 3. Bb5 a6 4. Ba4 Nge7 5. 0-0 g6 6. d4 exd4 7. Nxd4 b5 8. Bb3 Bg7 9. c3 0-0 10. Bg5 Na5 11. Nd2 Nxb3 12. N2xb3 f6 13. Bh4 d6 14. Re1 Qd7 15. Qc2 a5 16. c4 a4 17. Nd2 g5 18. Bg3 f5 19. exf5 Bxd4 20. Qe4 Bxb2 21. Rab1 d5 22. cxd5 Bc3 23. d6 cxd6 24. Qxa8 Bb7 25. Qa7 Bxd2 26. Red1 Bf4 27. Bxf4 gxf4 28. Qd4 Rxf5 29. Qxd6 Qxd6 30. Rxd6 Re5 31. f3 Bc6 32. Rb2 Be8 33. g3 fxg3 34. hxg3 Bf7 35. Kf2 Bc4 36. f4 Rh5 37. Kf3 Rh1 38. g4 Ra1 39. Rd7 Kf8 40. Rh2 Bd5+ 41. Ke3 Bg8 42. Rb2 b4 43. Rxb4 Nd5+ 44. Rxd5 Bxd5 45. Rxa4 Bxa2 46. Ra5 h6 47. Kf2 Ke7 48. Kg3 Kd7 49. Ra6 1/2-1/2

[Event "EU-ch blitz"]
[Site "Minsk"]
[Date "2015.12.18"]
[Round "7.43"]
[White "Aliyev, Rasim Rizvan"]
[Black "Popov, Mikhail"]
[Result "1-0"]
[WhiteElo "2213"]
[BlackElo "2280"]
[PlyCount "71"]
[EventDate "2015.12.18"]
[EventType "swiss (blitz)"]
[EventRounds "22"]
[EventCountry "BLR"]
[SourceTitle "EXT 2017"]
[Source "ChessBase"]
[SourceDate "2016.10.25"]
[SourceVersion "1"]
[SourceVersionDate "2016.10.25"]
[SourceQuality "1"]

1. e4 e6 2. d4 d5 3. e5 c5 4. c3 Nc6 5. Nf3 Qb6 6. Bd3 Bd7 7. 0-0 Nh6 8. dxc5 Bxc5 9. b4 Be7 10. a4 Qc7 11. Re1 Rc8 12. Na3 a6 13. h3 f5 14. exf6 Bxf6 15. Bxh6 gxh6 16. Qd2 Bg7 17. Rac1 0-0 18. Bb1 Rxf3 19. gxf3 Ne5 20. Qe3 Rf8 21. f4 Ng6 22. f5 exf5 23. Nc2 f4 24. Qd3 Kh8 25. Nd4 Qd8 26. Ne6 Bxe6 27. Rxe6 Qg5+ 28. Kh1 f3 29. Rg1 Qh5 30. Rg3 d4 31. cxd4 Rc8 32. Bc2 Rd8 33. Kh2 Rxd4 34. Re8+ Bf8 35. Qxd4+ Kg8 36. Bb3+ 1-0

[Event "EU-ch blitz"]
[Site "Minsk"]
[Date "2015.12.18"]
[Round "9.27"]
[White "Razin, Vadim"]
[Black "Aliyev, Rasim Rizvan"]
[Result "1-0"]
[WhiteElo "2345"]
[BlackElo "2213"]
[PlyCount "76"]
[EventDate "2015.12.18"]
[EventType "swiss (blitz)"]
[EventRounds "22"]
[EventCountry "BLR"]
[SourceTitle "EXT 2017"]
[Source "ChessBase"]
[SourceDate "2016.10.25"]
[SourceVersion "1"]
[SourceVersionDate "2016.10.25"]
[SourceQuality "1"]

1. d4 d5 2. Nf3 Nf6 3. c4 e6 4. Nc3 Nbd7 5. Bg5 c6 6. e3 Qa5 7. cxd5 Nxd5 8. Qd2 Bb4 9. Rc1 0-0 10. Bd3 Nxc3 11. bxc3 Ba3 12. Rb1 e5 13. 0-0 Re8 14. Qc2 h6 15. Bh4 b6 16. Nd2 Ba6 17. Bc4 exd4 18. cxd4 Be7 19. Bxe7 Rxe7 20. Bxa6 Qxa6 21. Qxc6 Rae8 22. Qc4 Qa5 23. Nf3 Nf6 24. Ne5 Qa3 25. h3 Ne4 26. Qc2 Nd6 27. Rfc1 f6 28. Ng6 Rd7 29. Qc6 Red8 30. Qd5+ Kh7 31. Nf4 Nf7 32. Qf5+ Kg8 33. Rc2 Nd6 34. Qe6+ Nf7 35. Rbc1 Re7 36. Qf5 Nd6 37. Qh5 Ne4 38. Rc8 Red7 1-0

[Event "Nakhchivan op"]
[Site "Nakhchivan"]
[Date "2015.05.10"]
[Round "9"]
[White "Aliyev, Rasim Rizvan"]
[Black "Koksal, Ege"]
[Result "1-0"]
[WhiteElo "2261"]
[BlackElo "2339"]
[PlyCount "141"]
[EventDate "2015.05.02"]
[EventType "swiss"]
[EventRounds "9"]
[EventCountry "AZE"]
[SourceTitle "EXT 2016"]
[Source "ChessBase"]
[SourceDate "2015.10.08"]
[SourceVersion "1"]
[SourceVersionDate "2015.10.08"]
[SourceQuality "1"]

1. e4 g6 2. d4 Bg7 3. Nc3 d6 4. Be2 Nf6 5. h4 h5 6. f3 a6 7. Be3 b5 8. a3 Nbd7 9. Nh3 e6 10. Nf2 Bb7 11. Qd2 Nb6 12. 0-0-0 d5 13. Bg5 Qc8 14. Qf4 Nfd7 15. Bd3 c6 16. exd5 Nxd5 17. Nxd5 cxd5 18. Qd6 Nf6 19. g4 Qb8 20. Qc5 Qc8 21. Qb4 Qc7 22. gxh5 Nxh5 23. Ng4 Bf8 24. Qd2 Bd6 25. Ne5 Bxe5 26. dxe5 Qxe5 27. Qb4 Qc7 28. Rhe1 Rg8 29. f4 Ng3 30. Rg1 Ne4 31. Bxe4 dxe4 32. Rg3 Bd5 33. Rc3 Qd7 34. Qa5 Rc8 35. Bf6 Rxc3 36. Qxc3 Qb7 37. Qc5 Kd7 38. b4 Re8 39. Be5 Kd8 40. Bf6+ Kd7 41. Be5 Rd8 42. f5 Qc8 43. Qa7+ Kc6 44. fxg6 fxg6 45. Rg1 Rd7 46. Qd4 Qe8 47. Rg3 Kb7 48. Rc3 Bc6 49. Qe3 Qf8 50. Bg3 Qf1+ 51. Be1 Qf3 52. Qc5 Qd1+ 53. Kb2 Qd5 54. Qe3 Qd4 55. Qg3 Bd5 56. Bf2 Qd2 57. Be3 Qe2 58. Qxg6 Rc7 59. Rxc7+ Kxc7 60. Qg7+ Kc8 61. Qa7 Qc4 62. Qxa6+ Kd7 63. Qa7+ Ke8 64. h5 Qa2+ 65. Kc1 Qa1+ 66. Kd2 Qh1 67. h6 Bb3 68. cxb3 Qg2+ 69. Kc3 Qe2 70. Qd4 Qe1+ 71. Kb2 1-0

[Event "Moscow op-A"]
[Site "Moscow"]
[Date "2015.02.08"]
[Round "9"]
[White "Goltsev, Dmitry"]
[Black "Aliyev, Rasim Rizvan"]
[Result "0-1"]
[WhiteElo "2111"]
[BlackElo "2257"]
[PlyCount "102"]
[EventDate "2015.01.31"]
[EventType "swiss"]
[EventRounds "9"]
[EventCountry "RUS"]
[SourceTitle "CBM 164 Extra"]
[Source "ChessBase"]
[SourceDate "2015.03.02"]
[SourceVersion "1"]
[SourceVersionDate "2015.03.02"]
[SourceQuality "1"]

1. e4 c6 2. d3 d5 3. Nd2 dxe4 4. dxe4 Nf6 5. Ngf3 Bg4 6. h3 Bh5 7. c3 e6 8. g4 Bg6 9. Qe2 Nbd7 10. Bg2 Nc5 11. Ne5 Bd6 12. Nxg6 hxg6 13. Nc4 Bc7 14. 0-0 b5 15. Rd1 Qe7 16. g5 Nfd7 17. Ne3 e5 18. Qg4 Ne6 19. Nd5 Qd8 20. Nb4 a5 21. Nxc6 Qc8 22. Bf1 Qb7 23. Rd5 Nb6 24. Bxb5 Nxd5 25. c4 Ndf4 26. Bxf4 Nxf4 27. Nxa5+ Qxb5 28. cxb5 Nxh3+ 29. Kf1 Nf4 30. Qg1 Bxa5 31. Rc1 Bb6 32. a4 Rd8 33. Ke1 Bxf2+ 34. Kxf2 Nh3+ 35. Kf1 Nxg1 36. Kxg1 Ra8 37. a5 Kd7 38. b4 Rhc8 39. Rd1+ Kc7 40. b6+ Kc6 41. Rd5 Rd8 42. Rxe5 Kb7 43. Re7+ Ka6 44. Rxf7 Rd2 45. b7 Rb8 46. Rxg7 Rxb7 47. Rxg6+ Ka7 48. Rb6 Rxb6 49. axb6+ Kxb6 50. g6 Rd6 51. Kf2 Rxg6 0-1

[Event "Baku op"]
[Site "Baku"]
[Date "2014.09.25"]
[Round "4"]
[White "Aliyev, Rasim Rizvan"]
[Black "Omar, Noaman"]
[Result "1-0"]
[WhiteElo "2230"]
[BlackElo "2355"]
[PlyCount "69"]
[EventDate "2014.09.22"]
[EventType "swiss"]
[EventRounds "9"]
[EventCountry "AZE"]
[SourceTitle "CBM 162 Extra"]
[Source "ChessBase"]
[SourceDate "2014.10.17"]
[SourceVersion "1"]
[SourceVersionDate "2014.10.17"]
[SourceQuality "1"]

1. e4 c6 2. d4 d5 3. Nc3 dxe4 4. Nxe4 Bf5 5. Ng3 Bg6 6. h4 h6 7. Nf3 Nd7 8. h5 Bh7 9. Bd3 Bxd3 10. Qxd3 e6 11. Bd2 Ngf6 12. 0-0-0 Qc7 13. Ne4 0-0-0 14. Nxf6 Nxf6 15. Qe2 c5 16. dxc5 Bxc5 17. Ne5 Bd6 18. f4 Kb8 19. Kb1 Rc8 20. c4 Rhd8 21. Bc3 Ka8 22. g4 Bxe5 23. fxe5 Ne8 24. b3 Rxd1+ 25. Rxd1 Rd8 26. Rxd8+ Qxd8 27. Qf3 Qd7 28. Kc2 Kb8 29. Bb4 b6 30. Bf8 f6 31. Qd3 Qxd3+ 32. Kxd3 fxe5 33. g5 e4+ 34. Ke2 Kc8 35. Bxg7 1-0

[Event "Baku op"]
[Site "Baku"]
[Date "2014.09.22"]
[Round "1"]
[White "Rasulov, Vugar Ural Oglu"]
[Black "Aliyev, Rasim Rizvan"]
[Result "1-0"]
[WhiteElo "2514"]
[BlackElo "2230"]
[PlyCount "61"]
[EventDate "2014.09.22"]
[EventType "swiss"]
[EventRounds "9"]
[EventCountry "AZE"]
[SourceTitle "CBM 162 Extra"]
[Source "ChessBase"]
[SourceDate "2014.10.17"]
[SourceVersion "1"]
[SourceVersionDate "2014.10.17"]
[SourceQuality "1"]

1. e4 c6 2. Nc3 d5 3. Qf3 d4 4. Bc4 e6 5. Nce2 c5 6. d3 Nc6 7. Qg3 Nf6 8. f4 Na5 9. Bb5+ Bd7 10. Bxd7+ Qxd7 11. Nf3 Nc6 12. Bd2 0-0-0 13. a3 h5 14. h3 Be7 15. 0-0 h4 16. Qf2 Nh5 17. b4 f5 18. b5 Nb8 19. Ne5 Qe8 20. exf5 exf5 21. c3 dxc3 22. Bxc3 Nd7 23. Rfc1 Nxe5 24. Bxe5 Rd5 25. d4 Nf6 26. Nc3 Ne4 27. Nxe4 fxe4 28. Qe2 Qg6 29. Rc4 b6 30. Ra4 Kb7 31. Qc4 1-0

[Event "Pardubice Czech op 22nd"]
[Site "Pardubice"]
[Date "2011.07.29"]
[Round "8"]
[White "Krensing, Jan"]
[Black "Aliyev, Rasim Rizvan"]
[Result "1/2-1/2"]
[WhiteElo "2315"]
[BlackElo "2211"]
[PlyCount "61"]
[EventDate "2011.07.22"]
[EventType "swiss"]
[EventRounds "9"]
[EventCountry "CZE"]
[SourceTitle "CBM 143 Extra"]
[Source "ChessBase"]
[SourceDate "2011.08.29"]
[SourceVersion "1"]
[SourceVersionDate "2011.08.29"]
[SourceQuality "1"]

1. d4 d5 2. c4 e6 3. Nc3 Nf6 4. cxd5 exd5 5. Bg5 Nbd7 6. e3 c6 7. Qc2 Be7 8. Bd3 0-0 9. Nge2 Re8 10. 0-0 Nf8 11. f3 Nh5 12. Bxe7 Qxe7 13. e4 Be6 14. Na4 Rad8 15. e5 g6 16. g4 Ng7 17. h3 h5 18. Ng3 Bc8 19. Qf2 Nfe6 20. Ne2 Nf8 21. a3 hxg4 22. fxg4 Nh7 23. Kg2 Rf8 24. Rae1 Ne6 25. h4 Ng7 26. Qg3 Qd7 27. Rf4 Ne6 28. Rf2 Ng7 29. Rf4 Ne6 30. Rf2 Ng7 31. Rf4 1/2-1/2

[Event "Pardubice Czech op 22nd"]
[Site "Pardubice"]
[Date "2011.07.26"]
[Round "5"]
[White "Aliyev, Rasim Rizvan"]
[Black "Plat, Vojtech"]
[Result "0-1"]
[WhiteElo "2211"]
[BlackElo "2410"]
[PlyCount "148"]
[EventDate "2011.07.22"]
[EventType "swiss"]
[EventRounds "9"]
[EventCountry "CZE"]
[SourceTitle "CBM 143 Extra"]
[Source "ChessBase"]
[SourceDate "2011.08.29"]
[SourceVersion "1"]
[SourceVersionDate "2011.08.29"]
[SourceQuality "1"]

1. Nf3 Nf6 2. g3 g6 3. Bg2 Bg7 4. d3 0-0 5. 0-0 d6 6. c3 c5 7. Nbd2 Nc6 8. e4 Rb8 9. a4 a6 10. Qe2 b5 11. axb5 axb5 12. d4 cxd4 13. Nxd4 Nxd4 14. cxd4 Nd7 15. Nb3 Nb6 16. Bf4 Nc4 17. Ra7 Qb6 18. Rfa1 Bb7 19. e5 dxe5 20. dxe5 Bxg2 21. Kxg2 Qc6+ 22. Kg1 Ra8 23. Rxa8 Rxa8 24. Rxa8+ Qxa8 25. Nd4 Qd5 26. Nf3 h6 27. h4 Kh7 28. Kg2 b4 29. Qe1 g5 30. hxg5 hxg5 31. Qb1+ Kg8 32. Qf5 f6 33. Qc8+ Kf7 34. b3 Nb6 35. e6+ Kg6 36. Qe8+ Kf5 37. Be3 Kg4 38. Bxb6 Qxf3+ 39. Kh2 Qe4 40. Qg8 Bh6 41. Qf7 f5 42. Qg6 Bf8 43. Be3 Kf3 44. Qxg5 Ke2 45. Qh5+ Ke1 46. Kg1 Qxe6 47. Qh8 Qf6 48. Qh3 Kd1 49. Qf1+ Kc2 50. Qc4+ Qc3 51. Qf7 Bg7 52. Qxe7 Kxb3 53. Bc5 Bd4 54. Bxb4 Qxg3+ 55. Kh1 Qf3+ 56. Kh2 Qxf2+ 57. Kh3 Qf1+ 58. Kh4 Qf4+ 59. Kh3 Qg4+ 60. Kh2 Bg1+ 61. Kh1 Bf2 62. Qe6+ Kxb4 63. Qd6+ Kc4 64. Qc6+ Bc5 65. Qa4+ Kd5 66. Qd7+ Ke5 67. Qe8+ Kd4 68. Qa4+ Ke5 69. Qe8+ Kf4 70. Qb8+ Kf3 71. Qb3+ Be3 72. Qd1+ Kf2 73. Qc2+ Kg3 74. Qg2+ Kf4 0-1

[Event "Pardubice Czech op 22nd"]
[Site "Pardubice"]
[Date "2011.07.22"]
[Round "1"]
[White "Samolins, Vitalijs"]
[Black "Aliyev, Rasim Rizvan"]
[Result "1-0"]
[WhiteElo "2412"]
[BlackElo "2211"]
[PlyCount "79"]
[EventDate "2011.07.22"]
[EventType "swiss"]
[EventRounds "9"]
[EventCountry "CZE"]
[SourceTitle "CBM 143 Extra"]
[Source "ChessBase"]
[SourceDate "2011.08.29"]
[SourceVersion "1"]
[SourceVersionDate "2011.08.29"]
[SourceQuality "1"]

1. e4 c6 2. d3 d5 3. Nd2 Nf6 4. Ngf3 Bg4 5. Be2 e6 6. 0-0 Be7 7. b3 0-0 8. Bb2 c5 9. Ne5 Bxe2 10. Qxe2 Nc6 11. Nxc6 bxc6 12. f4 Nd7 13. Qg4 g6 14. a4 Bf6 15. e5 Bg7 16. Rae1 Qa5 17. Qe2 Rfe8 18. Nf3 Qb4 19. Qd2 Bh6 20. g3 a6 21. Bc3 Qb7 22. h4 Bf8 23. Qe2 Rab8 24. h5 c4 25. dxc4 Nc5 26. hxg6 hxg6 27. Ng5 Bh6 28. Bd4 Qe7 29. Nf3 Ne4 30. Kg2 c5 31. Ba1 Qb7 32. cxd5 exd5 33. c4 f5 34. exf6 Qxb3 35. f7+ Kxf7 36. Ne5+ Kg8 37. Qg4 Qc2+ 38. Re2 Qb3 39. Qxg6+ Bg7 40. Qf7+ 1-0

[Event "Abu Dhabi op 09th"]
[Site "Abu Dhabi"]
[Date "1999.08.29"]
[Round "8"]
[White "Irzhanov, Ruslan"]
[Black "Aliyev, Rasim Rizvan"]
[Result "1-0"]
[WhiteElo "2536"]
[BlackElo "2299"]
[PlyCount "55"]
[EventDate "1999.08.21"]
[EventType "swiss"]
[EventRounds "9"]
[EventCountry "UAE"]
[SourceTitle "EXT 2000"]
[Source "ChessBase"]
[SourceDate "1999.11.16"]
[SourceVersion "1"]
[SourceVersionDate "1999.11.16"]
[SourceQuality "1"]

1. Nf3 d5 2. g3 Nf6 3. Bg2 Bg4 4. 0-0 e6 5. d3 Nbd7 6. Nbd2 Bc5 7. c4 c6 8. b3 0-0 9. Bb2 Qe7 10. a3 a5 11. d4 Bb6 12. Re1 Ne4 13. Nxe4 dxe4 14. Nd2 e3 15. fxe3 Qg5 16. Nf1 e5 17. b4 Nf6 18. c5 Bc7 19. b5 Rad8 20. Qa4 e4 21. bxc6 h5 22. cxb7 h4 23. d5 hxg3 24. Bxf6 gxh2+ 25. Kh1 gxf6 26. d6 f5 27. dxc7 Bh3 28. Ng3 1-0

[Event "Abu Dhabi op 09th"]
[Site "Abu Dhabi"]
[Date "1999.08.25"]
[Round "5"]
[White "Aliyev, Rasim Rizvan"]
[Black "Hassan, Abdullah"]
[Result "1-0"]
[WhiteElo "2299"]
[BlackElo "2200"]
[PlyCount "55"]
[EventDate "1999.08.21"]
[EventType "swiss"]
[EventRounds "9"]
[EventCountry "UAE"]
[SourceTitle "EXT 2000"]
[Source "ChessBase"]
[SourceDate "1999.11.16"]
[SourceVersion "1"]
[SourceVersionDate "1999.11.16"]
[SourceQuality "1"]

1. e4 e6 2. d4 d5 3. e5 c5 4. c3 Ne7 5. Nf3 Nec6 6. a3 a5 7. Bd3 b6 8. 0-0 Be7 9. Be3 Ba6 10. Bxa6 Nxa6 11. Ne1 0-0 12. f4 f5 13. exf6 Bxf6 14. Nf3 h6 15. Qe2 Qd6 16. g3 Nab8 17. a4 Ne7 18. Na3 Nf5 19. Nb5 Qe7 20. Bf2 cxd4 21. Nfxd4 Nxd4 22. Bxd4 Bxd4+ 23. Nxd4 Re8 24. Rae1 Qd7 25. Nxe6 Qxa4 26. Qg4 Qd7 27. f5 Kh8 28. f6 1-0

[Event "Abu Dhabi op 09th"]
[Site "Abu Dhabi"]
[Date "1999.08.21"]
[Round "1"]
[White "Aliyev, Rasim Rizvan"]
[Black "Yurtaev, Leonid"]
[Result "0-1"]
[WhiteElo "2299"]
[BlackElo "2539"]
[PlyCount "84"]
[EventDate "1999.08.21"]
[EventType "swiss"]
[EventRounds "9"]
[EventCountry "UAE"]
[SourceTitle "EXT 2000"]
[Source "ChessBase"]
[SourceDate "1999.11.16"]
[SourceVersion "1"]
[SourceVersionDate "1999.11.16"]
[SourceQuality "1"]

1. e4 g6 2. d4 Bg7 3. Nc3 c6 4. Nf3 d5 5. Be2 Bg4 6. Be3 Nf6 7. h3 Bxf3 8. Bxf3 dxe4 9. Nxe4 Nxe4 10. Bxe4 Nd7 11. 0-0 0-0 12. Bf3 Qc7 13. c3 Rad8 14. Qb3 Nb6 15. Rad1 Nd5 16. Bg5 h6 17. Bh4 Rd7 18. c4 Nb6 19. Bg3 Qc8 20. d5 cxd5 21. cxd5 Qc4 22. Qxc4 Nxc4 23. b3 Nd6 24. Bxd6 exd6 25. Rc1 Re8 26. Rfd1 Rde7 27. Kf1 Bb2 28. Rc2 Ba3 29. g3 a5 30. Re2 Rxe2 31. Bxe2 Rc8 32. Bc4 Rc5 33. Kg2 Kg7 34. Rd2 Bb4 35. Rd1 a4 36. Kf3 b5 37. Be2 a3 38. Rd4 Bc3 39. b4 Rc7 40. Rd1 Bxb4 41. Rb1 Rc3+ 42. Kg2 Bc5 0-1

[Event "Ano Liosia op 10th"]
[Site "Athens"]
[Date "1999.??.??"]
[Round "3"]
[White "Aliyev, Rasim Rizvan"]
[Black "Moutousis, Konstantinos"]
[Result "0-1"]
[WhiteElo "2304"]
[BlackElo "2445"]
[PlyCount "52"]
[EventDate "1999.01.02"]
[EventType "swiss"]
[EventRounds "9"]
[EventCountry "GRE"]
[SourceTitle "EXT 2000"]
[Source "ChessBase"]
[SourceDate "1999.11.16"]
[SourceVersion "1"]
[SourceVersionDate "1999.11.16"]
[SourceQuality "1"]

1. e4 e6 2. d4 d5 3. e5 Ne7 4. Nf3 b6 5. c3 Qd7 6. Be3 a5 7. a4 Nf5 8. Qb3 Ba6 9. Bb5 Bxb5 10. axb5 c6 11. bxc6 Qxc6 12. 0-0 h5 13. Bg5 h4 14. g4 hxg3 15. fxg3 Nd7 16. Na3 f6 17. exf6 gxf6 18. Rae1 0-0-0 19. Nb5 Kb7 20. Ne5 Nxe5 21. Bxf6 Nc4 22. Rxf5 exf5 23. Bxh8 Ka6 24. Bf6 Rc8 25. Be7 Qxb5 26. Qc2 Re8 0-1

[Event "Ano Liosia op 10th"]
[Site "Athens"]
[Date "1999.??.??"]
[Round "4"]
[White "Kokolias, Konstantinos"]
[Black "Aliyev, Rasim Rizvan"]
[Result "0-1"]
[WhiteElo "2014"]
[BlackElo "2304"]
[PlyCount "72"]
[EventDate "1999.01.02"]
[EventType "swiss"]
[EventRounds "9"]
[EventCountry "GRE"]
[SourceTitle "EXT 2000"]
[Source "ChessBase"]
[SourceDate "1999.11.16"]
[SourceVersion "1"]
[SourceVersionDate "1999.11.16"]
[SourceQuality "1"]

1. e4 c6 2. d4 d5 3. Nd2 dxe4 4. Nxe4 Nd7 5. Bc4 Ngf6 6. Ng5 e6 7. Qe2 Nb6 8. Bd3 h6 9. N5f3 c5 10. dxc5 Bxc5 11. Ne5 Nbd7 12. Ngf3 Qc7 13. Bf4 Bb4+ 14. Nd2 Bxd2+ 15. Kxd2 0-0 16. Rhd1 Qb6 17. Kc1 Nc5 18. Bc4 Nd5 19. Bxh6 gxh6 20. Qh5 Qd8 21. Qxh6 Qf6 22. Qh5 Qf4+ 23. Kb1 Nf6 24. Qe2 b6 25. Nf3 Bb7 26. Rd4 Bxf3 27. Rxf4 Bxe2 28. Bxe2 Kg7 29. a4 Nd5 30. Rg4+ Kf6 31. Ra3 Rg8 32. Rag3 Rxg4 33. Rxg4 Rh8 34. h4 Ke5 35. g3 f5 36. Rg7 a5 0-1

[Event "Wch U20 37th"]
[Site "Calicut"]
[Date "1998.11.28"]
[Round "11"]
[White "Sundararajan, Kidambi"]
[Black "Aliyev, Rasim Rizvan"]
[Result "1/2-1/2"]
[WhiteElo "2285"]
[BlackElo "2295"]
[PlyCount "129"]
[EventDate "1998.11.17"]
[EventType "swiss"]
[EventRounds "13"]
[EventCountry "IND"]
[SourceTitle "CBM 067 Extra"]
[Source "ChessBase"]
[SourceDate "1999.01.01"]
[SourceVersion "1"]
[SourceVersionDate "1999.01.01"]
[SourceQuality "1"]

1. d4 d5 2. c4 e6 3. Nc3 Nf6 4. Bg5 Nbd7 5. e3 c6 6. Nf3 Qa5 7. Nd2 Bb4 8. Qc2 0-0 9. Be2 dxc4 10. Bxf6 Nxf6 11. Nxc4 Qc7 12. 0-0 b6 13. Rac1 Bb7 14. Bf3 Rac8 15. a3 Be7 16. b4 Rfd8 17. Rfd1 Qb8 18. Qb3 Nd5 19. Ne4 Qa8 20. Ng3 Ba6 21. Ne5 c5 22. dxc5 bxc5 23. b5 Qb8 24. Bxd5 Qxe5 25. Bc6 Qb8 26. Qa4 Bb7 27. Bxb7 Qxb7 28. Qc4 Rd6 29. Ne4 Rcd8 30. Nc3 Rxd1+ 31. Rxd1 Rxd1+ 32. Nxd1 Qd7 33. Nc3 Qd2 34. g3 Qc1+ 35. Kg2 Qxa3 36. Ne4 Qb4 37. Qd3 f5 38. Nd6 c4 39. Nxc4 Qxb5 40. e4 fxe4 41. Qxe4 Qd5 42. Kf3 Bc5 43. Qxd5 exd5 44. Ne5 Bb6 45. Nd3 Kf7 46. Nf4 d4 47. Ke4 g5 48. Nd3 Kf6 49. h3 Ke6 50. f4 gxf4 51. Nxf4+ Kd6 52. Nd3 a5 53. g4 Kc6 54. h4 a4 55. g5 a3 56. h5 Kd6 57. Nc1 Bd8 58. g6 hxg6 59. hxg6 Bf6 60. Kd3 Kc5 61. Kc2 Kc4 62. Kb1 Bg7 63. Ka2 Bf8 64. Kb1 Kd5 65. Ne2 1/2-1/2

[Event "Wch U20 37th"]
[Site "Calicut"]
[Date "1998.11.27"]
[Round "10"]
[White "Aliyev, Rasim Rizvan"]
[Black "Dervishi, Erald"]
[Result "0-1"]
[WhiteElo "2295"]
[BlackElo "2430"]
[PlyCount "76"]
[EventDate "1998.11.17"]
[EventType "swiss"]
[EventRounds "13"]
[EventCountry "IND"]
[SourceTitle "CBM 067 Extra"]
[Source "ChessBase"]
[SourceDate "1999.01.01"]
[SourceVersion "1"]
[SourceVersionDate "1999.01.01"]
[SourceQuality "1"]

1. e4 e5 2. Nf3 Nc6 3. Bb5 a6 4. Ba4 Nf6 5. d3 b5 6. Bb3 Be7 7. 0-0 d6 8. c3 0-0 9. Re1 Na5 10. Bc2 c5 11. Nbd2 Qc7 12. Nf1 Re8 13. Ng3 h6 14. h3 Bb7 15. Nf5 Bf8 16. Nh2 d5 17. Ng4 Nxg4 18. Qxg4 Kh8 19. Re3 Re6 20. h4 dxe4 21. dxe4 Nc4 22. Rh3 Nd6 23. Bg5 Qc6 24. Re1 Rg6 25. Rg3 f6 26. Nxh6 fxg5 27. Nf5 Nf7 28. Qh5+ Kg8 29. hxg5 Re8 30. Ree3 Be7 31. Rh3 Bxg5 32. Qh7+ Kf8 33. Reg3 Ree6 34. Rg4 Bf4 35. Rxg6 Rxg6 36. Nh4 Rh6 37. Qf5 Bc8 38. Ng6+ Ke8 0-1

[Event "Wch U20 37th"]
[Site "Calicut"]
[Date "1998.11.26"]
[Round "9"]
[White "Jenni, Florian"]
[Black "Aliyev, Rasim Rizvan"]
[Result "1-0"]
[WhiteElo "2430"]
[BlackElo "2295"]
[PlyCount "79"]
[EventDate "1998.11.17"]
[EventType "swiss"]
[EventRounds "13"]
[EventCountry "IND"]
[SourceTitle "CBM 067 Extra"]
[Source "ChessBase"]
[SourceDate "1999.01.01"]
[SourceVersion "1"]
[SourceVersionDate "1999.01.01"]
[SourceQuality "1"]

1. e4 c6 2. d4 d5 3. Nc3 dxe4 4. Nxe4 Nd7 5. Bc4 Ngf6 6. Ng5 e6 7. Qe2 Nb6 8. Bd3 h6 9. N5f3 c5 10. dxc5 Bxc5 11. Ne5 Nbd7 12. Ngf3 Qc7 13. Bf4 Bb4+ 14. Nd2 Bxd2+ 15. Kxd2 0-0 16. Rhd1 Qa5+ 17. Kc1 Nxe5 18. Qxe5 Qxe5 19. Bxe5 Bd7 20. Bxf6 gxf6 21. Bh7+ Kxh7 22. Rxd7 b6 23. c3 Rfd8 24. Rxd8 Rxd8 25. Kc2 Rd5 26. Rd1 Rh5 27. h3 Re5 28. c4 Kg6 29. b4 f5 30. Kd3 Kf6 31. g3 h5 32. Rc1 Ke7 33. h4 Kd6 34. a3 Kc6 35. f3 a5 36. Kd2 axb4 37. axb4 b5 38. Re1 Rxe1 39. cxb5+ Kxb5 40. Kxe1 1-0

[Event "Wch U20 37th"]
[Site "Calicut"]
[Date "1998.11.22"]
[Round "6"]
[White "Ippolito, Dean"]
[Black "Aliyev, Rasim Rizvan"]
[Result "1/2-1/2"]
[WhiteElo "2430"]
[BlackElo "2295"]
[PlyCount "96"]
[EventDate "1998.11.17"]
[EventType "swiss"]
[EventRounds "13"]
[EventCountry "IND"]
[SourceTitle "CBM 067 Extra"]
[Source "ChessBase"]
[SourceDate "1999.01.01"]
[SourceVersion "1"]
[SourceVersionDate "1999.01.01"]
[SourceQuality "1"]

1. d4 d5 2. c4 e6 3. Nf3 Nf6 4. g3 Be7 5. Bg2 0-0 6. 0-0 c6 7. Qb3 b6 8. Bg5 Nbd7 9. Rd1 Ne4 10. Bxe7 Qxe7 11. Nc3 Nxc3 12. Qxc3 Ba6 13. Nd2 Rac8 14. e4 Rfd8 15. c5 e5 16. dxe5 Nxc5 17. Qa3 Be2 18. Re1 Bb5 19. exd5 cxd5 20. Nb3 d4 21. Qb4 Qd7 22. Nxc5 bxc5 23. Qd2 c4 24. Rad1 Ba4 25. Rc1 c3 26. bxc3 dxc3 27. Qe3 c2 28. e6 Qe7 29. exf7+ Qxf7 30. Bh3 Bd7 31. Bxd7 Rxd7 32. a4 h6 33. Kg2 Qd5+ 34. Qf3 Qc4 35. Re2 Qxa4 36. Qf5 Qc6+ 37. f3 Rf7 38. Rexc2 Rxf5 39. Rxc6 Rxc6 40. Rxc6 a5 41. Ra6 Rb5 42. g4 h5 43. Kg3 hxg4 44. fxg4 Kh7 45. h4 Rb3+ 46. Kf4 Rb4+ 47. Kg5 Rb5+ 48. Kf4 Rb4+ 1/2-1/2

[Event "Polanica Zdroj op"]
[Site "Polanica Zdroj"]
[Date "1998.??.??"]
[Round "?"]
[White "Aliyev, Rasim Rizvan"]
[Black "Namgilov, Sogto"]
[Result "1-0"]
[WhiteElo "2295"]
[BlackElo "2430"]
[PlyCount "49"]
[EventDate "1998.??.??"]
[EventType "swiss"]
[EventRounds "10"]
[EventCountry "POL"]
[SourceTitle "EXT 2003"]
[Source "ChessBase"]
[SourceDate "2002.11.25"]
[SourceVersion "1"]
[SourceVersionDate "2002.11.25"]
[SourceQuality "1"]

1. e4 c5 2. c3 Nf6 3. e5 Nd5 4. d4 cxd4 5. Nf3 e6 6. Bc4 Nc6 7. 0-0 Nb6 8. Bb3 d6 9. cxd4 Be7 10. exd6 Bxd6 11. Nc3 0-0 12. Be3 Nd5 13. Ne4 Nc7 14. Qe2 b6 15. Rad1 Bb7 16. Bc2 Nb4 17. Nxd6 Qxd6 18. Bxh7+ Kxh7 19. Ng5+ Kg6 20. d5 Nbxd5 21. Ne4 Qe5 22. Qg4+ Kh7 23. Bd4 f5 24. Qh4+ Kg8 25. Ng5 1-0